Statistics for Champions League Winners

Click here to take the quiz!

General Stats

  • This quiz has been taken 22 times
  • The average score is 61 of 67

Answer Stats

The ChampionsAnswer the teams% Correct
1989AC Milan
100%
1963AC Milan
100%
2003AC Milan
100%
2007AC Milan
100%
1990AC Milan
100%
1969AC Milan
100%
1994AC Milan
100%
1975Bayern Munich
100%
2013Bayern Munich
100%
1974Bayern Munich
100%
2020Bayern Munich
100%
1976Bayern Munich
100%
2001Bayern Munich
100%
2012Chelsea
100%
2021Chelsea
100%
1977Liverpool
100%
1984Liverpool
100%
1981Liverpool
100%
1978Liverpool
100%
2019Liverpool
100%
2005Liverpool
100%
1999Manchester United
100%
2008Manchester United
100%
1968Manchester United
100%
1959Real Madrid
100%
1957Real Madrid
100%
1958Real Madrid
100%
1966Real Madrid
100%
1960Real Madrid
100%
2022Real Madrid
100%
1956Real Madrid
100%
2000Real Madrid
100%
2018Real Madrid
100%
2017Real Madrid
100%
2016Real Madrid
100%
2014Real Madrid
100%
2002Real Madrid
100%
1998Real Madrid
100%
1995Ajax
95%
1971Ajax
95%
1972Ajax
95%
1973Ajax
95%
2015Barcelona
95%
2011Barcelona
95%
2009Barcelona
95%
1992Barcelona
95%
2006Barcelona
95%
1987FC Porto
95%
2004FC Porto
95%
2010Inter Milan
95%
1964Inter Milan
95%
1965Inter Milan
95%
1997Borussia Dortmund
90%
1985Juventus
86%
1996Juventus
86%
1961Benfica
76%
1962Benfica
76%
1993Marseille
71%
1982Aston Villa
67%
1970Feyenoord
62%
1980Nottingham Forrest
62%
1979Nottingham Forrest
62%
1967Celtic FC
57%
1988PSV Eindhoven
57%
1983Hamburger SV
43%
1991Red Star Belgrade
38%
1986Steaua Bucuresti
10%

Score Distribution

Percentile by Number Answered

Percent of People with Each Score

Your Score History

You have not taken this quiz